000 00847nam a2200277 a 4500
001 4425
003 BD-RjUL
005 20211208233905.0
008 131222s1969 maua b 00010 eng
020 _a020108435X
035 _a(BD-RjUL)4460
040 _aBD-RjUL
_beng
_cBD-RjUL
041 _aeng
082 0 0 _a658.314
_219
_bWAI 1969
100 1 0 _aWalton, Richard E.
_98177
245 1 0 _aInterpersonal peacemaking :
_bconfrontations and third-party consultation /
_cRichard E. Walton.
260 0 _aReading, Mass. :
_bAddison-Wesley,
_c1969.
300 _aviii, 151 p. :
_bill. ;
_c22 cm.
490 0 _aOrganization development
504 _aBibliographical footnotes.
650 0 _aConflict (Psychology)
_96545
650 0 _aInterpersonal relations.
_97411
650 0 _aNegotiation.
_913994
942 _2ddc
_cBK
999 _c4425
_d4425